01054cam a22002533a 4500001000500000005001700005020002400022040003000046050001400076082001100090100001900101245003200120260003400152300003800186490002300224500002600247505000800273520034400281521002000625521002000645650007500665655003000740655003000770123020241217121559.0 a0439411378 (pbk.) : aDAJcDAJdOCLCQdDLCbeng00aPZ7.G6578 a813.541 aKorman, Gordon14aThe summit /cGordon Korman aNew York :bScholastic,c2002 a154 pages ;c20 cmbIllustrations0 aEverest ;vBook 03 a"An Apple paperback." aR  a"Four kids are prepared to go into thin air in order to become the youngest person ever to climb Everest. But they are not prepared for the challenges that await them as they get closer to the summit. Supplies are low. Conditions are extreme. One of the kids is trying to sabotage the others. And then the storm hits ..."--P. [4] of cover. a760 bLexile  aR bRaz-Plus  0aMountaineering expeditionszEverest, Mount (China and Nepal)vFiction. 7aChildren's stories.2lcsh 7aAdventure fiction.2gsafd